000 01028nam a22001575i 4500
001 159058
003 ES-MaACL
005 20230906211430.0
008 040908s1873 sp |||| |cspa d
040 _aCAM
_bspa
_cCAM
245 0 4 _aLos mártires de la república
_b: cuadros históricos de los sufrimientos, de las penalidades, de los martirios de todos los grandes apóstoles de la idea republicana : episodios dramaticos é interesantes, de las existencias de Cuello, Terradas, Lincoln, Kossuth, Mazzini, Sixito Cámara y tantos otros, ilustres victimas de la tiranía : historia de la republica en general sintetizada en sus mártires /
_cpáginas trazadas por una sociedad de escritores republicanos.
260 _aBarcelona :
_bBiblioteca Escogida,
_c1873 (
_fImprenta de El Porvenir de la viuda Bassas, á cargo de J. Medina)
300 _a2 v. (624 p., [9] h. de lám.; 526 p., [9] h. de lám.) ;
_c24 cm.
650 4 _aRepublicanismo-
_vHistoria.
_916857
852 _aES-MaACL
_jG-1761
_z-- Enc. perg.
_z-- 2 t. en 1 v.
999 _c159058
_d159058